| 000 | 00958nam a22003137a 4500 | ||
|---|---|---|---|
| 003 | CHAP | ||
| 005 | 20220329133035.0 | ||
| 008 | 971013s1989 r 00010 d | ||
| 010 | _a1524 | ||
| 011 | _a2496 | ||
| 035 | _a1690 | ||
| 040 | _cCHAP | ||
| 082 |
_a574.13 _bB5 |
||
| 100 | 0 | 0 |
_aBlaxter, Kenneth Lyon. _913149 |
| 245 | _aEnergy metabolism in animals and man | ||
| 260 |
_aCambridge : _bCambridge University, _c1989 |
||
| 300 |
_a336 p. _b: gráfs. |
||
| 500 | _aD42-44 | ||
| 590 |
_aBATCH-UPD _b10 _c20130110 _lUCH01 _h0306 |
||
| 590 |
_aBATCH-UPD _b10 _c20130110 _lUCH01 _h2255 |
||
| 590 |
_aBATCH-UPD _b10 _c20130409 _lUCH01 _h2337 |
||
| 590 |
_aBATCH-UPD _b10 _c20130914 _lUCH01 _h1306 |
||
| 590 |
_aCONVERSION _b10 _c20130109 _lUCH01 _h1302 |
||
| 650 | 1 | 4 |
_aEnergía metabólica. _936906 |
| 650 | 1 | 4 |
_aMetabolismo. _975149 |
| 901 | _aBK | ||
| 942 | _cLIBRO | ||
| 949 |
_a574.13 B5 _bBC _cLIBRO _d33724000458766 _eLIBRO _gI.151497 _h78166 _i1690 _si _t113.60 |
||
| 999 |
_c1524 _d1524 |
||